|
|
|
|
| LEADER |
00000nam0a2200000 4500 |
| 001 |
89848 |
| 005 |
20231031103213.0 |
| 035 |
|
|
|a (RuTPU)RU\TPU\book\96383
|
| 090 |
|
|
|a 89848
|
| 100 |
|
|
|a 20060130d1990 k y0rusy50 ca
|
| 101 |
0 |
|
|a rus
|
| 102 |
|
|
|a RU
|
| 105 |
|
|
|a a z 001zy
|
| 200 |
1 |
|
|a Порошковая металлургия и металловедение
|e межвузовский сборник научных трудов
|f Куйбышевский авиационный институт им. С. П. Королева; под ред. И. А. Дроздова
|
| 210 |
|
|
|a Куйбышев
|c Изд-во Куйбышевского авиационного ин-та
|d 1990
|
| 215 |
|
|
|a 144 с.
|c ил.
|
| 320 |
|
|
|a Библиогр. в конце докладов
|
| 610 |
1 |
|
|a порошковая металлургия
|
| 610 |
1 |
|
|a металловедение
|
| 610 |
1 |
|
|a сборники
|
| 610 |
1 |
|
|a порошки
|
| 675 |
|
|
|a 621.762
|v 3
|
| 675 |
|
|
|a 669.017
|v 3
|
| 702 |
|
1 |
|a Дроздов
|b И. А.
|4 340
|
| 712 |
0 |
2 |
|a Куйбышевский авиационный институт им. С. П. Королева
|2 stltpush
|3 (RuTPU)RU\TPU\col\8161
|
| 801 |
|
1 |
|a RU
|b 63413507
|c 20060130
|g PSBO
|
| 801 |
|
2 |
|a RU
|b 63413507
|c 20181208
|g PSBO
|
| 942 |
|
|
|c BK
|